000 00442nam a22001577a 4500
005 20170925102157.0
008 170925b xxu||||| |||| 00| 0 eng d
020 _a9781841813325
040 _cPK-LaUMT
082 _a613
_bGAU-W
100 _aGauding, Madonna
245 _aWorking with chi practical ways to harness healing energy /
_cMadonna Gauding
260 _aNew York :
_bHachette Book Group,
_c2008
300 _a128 p.
942 _cBK
999 _c98455
_d98455